000 00282nam a2200121 a 4500
008 100916s1971|||| d
245 1 0 _aTánino manželstvo
100 1 _aDementiev, Nikolaj
260 _bObzor
_aBratislava
_c1971
020 _c13
044 _axo
_cSK
041 _aslo
999 _c10378
_d10378